[Event "FBL 1"]
[Site "Deutschland"]
[Date "2009.12.05"]
[Round "3.3"]
[White "Fuchs, Judith"]
[Black "Lauterbach, Ingrid"]
[Result "1/2-1/2"]
[WhiteElo "2188"]
[BlackElo "2163"]
[PlyCount "164"]
[EventDate "2009.11.07"]
[EventType "team"]
[EventCountry "GER"]
[WhiteTeam "SC Leipzig-Gohlis"]
[BlackTeam "Karlsruher SF 1853"]

1. e4 c5 2. Nf3 e6 3. d4 cxd4 4. Nxd4 a6 5. Nc3 Qc7 6. Bd3 b5 7. O-O Bb7 8. Re1
b4 9. Nce2 Nc6 10. Nxc6 dxc6 11. Ng3 Bd6 12. Qe2 Be5 13. Bd2 c5 14. c3 bxc3 15.
Bxc3 Bxc3 16. bxc3 Nf6 17. e5 Nd5 18. Nh5 g6 19. c4 Nb4 20. Nf6+ Kf8 21. Be4
Rd8 22. Rad1 Bxe4 23. Rxd8+ Qxd8 24. Qxe4 Kg7 25. a3 Na2 26. h4 Qd2 27. Re3 Rd8
28. Qf3 Rd4 29. Ne4 Qd1+ 30. Qxd1 Rxd1+ 31. Kh2 Rc1 32. Nxc5 Rxc4 33. Nxa6
Rxh4+ 34. Kg3 Rc4 35. Nb8 Nc3 36. Nd7 Nd5 37. Rb3 Rc7 38. Nb8 Nc3 39. Na6 Rc4
40. f3 Ne2+ 41. Kf2 Nf4 42. Nb4 g5 43. g3 Ng6 44. Nd3 h5 45. Ke3 h4 46. gxh4
Nxh4 47. Rb2 Nf5+ 48. Kd2 Ra4 49. Ra2 Nd4 50. Ke3 Nb5 51. f4 gxf4+ 52. Nxf4
Rxa3+ 53. Rxa3 Nxa3 54. Kd4 Kf8 55. Nh3 Ke7 56. Ng5 Nc2+ 57. Ke4 Nb4 58. Nh7
Nc6 59. Kf4 Nd4 60. Ke4 Nf5 61. Kf4 Ke8 62. Ke4 Kd7 63. Ng5 Nh6 64. Kd4 Ke8 65.
Nh7 Nf5+ 66. Ke4 Ne7 67. Kf4 Nc6 68. Ke4 Kd8 69. Ng5 Ke7 70. Nh7 Kd7 71. Nf6+
Kc7 72. Nh7 Kb6 73. Ng5 Nd8 74. Kd4 Kb5 75. Nh7 Nc6+ 76. Ke4 Kc4 77. Ng5 Nd8
78. Nf3 Nb7 79. Ng5 Nd8 80. Nf3 Kc3 81. Ng5 Kd2 82. Kd4 Nc6+ 1/2-1/2

[Event "FBL 1"]
[Site "Deutschland"]
[Date "2009.12.05"]
[Round "3.4"]
[White "Kiefhaber, Veronika"]
[Black "Beltz, Franziska"]
[Result "0-1"]
[WhiteElo "2244"]
[BlackElo "2132"]
[PlyCount "134"]
[EventDate "2009.11.07"]
[EventType "team"]
[EventCountry "GER"]
[WhiteTeam "Karlsruher SF 1853"]
[BlackTeam "SC Leipzig-Gohlis"]

1. e4 c5 2. c3 Nf6 3. e5 Nd5 4. Nf3 e6 5. Bc4 d6 6. d4 cxd4 7. cxd4 Nc6 8. O-O
Be7 9. Qe2 O-O 10. Nc3 Nxc3 11. bxc3 dxe5 12. dxe5 Qa5 13. Qe4 Qa4 14. Bg5 h6
15. Bxe7 Nxe7 16. Rab1 Nc6 17. Bd3 Qxe4 18. Bxe4 Rd8 19. Rfd1 Kf8 20. Rxd8+
Nxd8 21. Nd4 a6 22. Kf1 Ke7 23. a4 Kd7 24. a5 Kc7 25. Rb6 Bd7 26. Ke2 Rc8 27.
f4 Kb8 28. Kd3 Rc5 29. Rd6 Kc7 30. Nb3 Bb5+ 31. Kd2 Rc4 32. Rd4 Nc6 33. Bxc6
Kxc6 34. Rd6+ Kc7 35. Nd4 Bd7 36. g4 Ra4 37. f5 exf5 38. Nxf5 Bxf5 39. gxf5
Rxa5 40. f6 g6 41. e6 fxe6 42. Rxe6 Rf5 43. h4 Kd7 44. Re7+ Kd6 45. Rxb7 Rxf6
46. Kd3 Ke5 47. Rb4 Rf3+ 48. Kd2 Rf4 49. Rb6 Rf6 50. Rb4 g5 51. hxg5 hxg5 52.
Ke3 Rc6 53. Kd3 Kf5 54. Rb1 g4 55. Rf1+ Kg5 56. c4 g3 57. Kd4 Rf6 58. Rg1 Kg4
59. c5 Kh3 60. Rh1+ Kg2 61. Ra1 Kh2 62. Kd5 g2 63. c6 g1=Q 64. Rxg1 Kxg1 65. c7
Rf8 66. Kc6 a5 67. Kb5 a4 0-1

[Event "FBL 1"]
[Site "Deutschland"]
[Date "2009.12.05"]
[Round "3.5"]
[White "Ulms, Sandra"]
[Black "Nill, Jessica"]
[Result "1/2-1/2"]
[WhiteElo "2127"]
[BlackElo "2237"]
[PlyCount "145"]
[EventDate "2009.11.07"]
[EventType "team"]
[EventCountry "GER"]
[WhiteTeam "SC Leipzig-Gohlis"]
[BlackTeam "Karlsruher SF 1853"]

1. d4 d5 2. Nf3 Nf6 3. c4 c6 4. Nc3 dxc4 5. a4 Bf5 6. Ne5 e6 7. f3 Bg6 8. e4
Nbd7 9. Nxc4 Bb4 10. Bg5 Qb8 11. Qb3 a5 12. Be3 O-O 13. Be2 c5 14. O-O cxd4 15.
Bxd4 Nc5 16. Qc2 Nfd7 17. Nb5 b6 18. Rad1 f5 19. Ncd6 fxe4 20. fxe4 Rxf1+ 21.
Rxf1 Qd8 22. Qc4 Qe7 23. e5 Rf8 24. b3 Rxf1+ 25. Bxf1 Qg5 26. Nc7 Nxe5 27. Qe2
Nc6 28. Nxe6 Nxd4 29. Nxg5 Nxe2+ 30. Bxe2 h6 31. Bc4+ Kf8 32. Nf3 Nxb3 33. Bxb3
Bxd6 34. h3 Bd3 35. Kf2 Bc5+ 36. Ke1 Be4 37. Ke2 Ke7 38. g3 Kd6 39. Nd2 Bg2 40.
h4 Ke5 41. Nf3+ Kf5 42. Nh2 Ke4 43. Be6 Kd4 44. Nf3+ Kc3 45. Bd7 Kb4 46. h5 Bh1
47. g4 Bf8 48. Kf2 Kc5 49. Bb5 Kd5 50. Ke3 Bc5+ 51. Kf4 Bd6+ 52. Ke3 Bg2 53. g5
Bh3 54. gxh6 gxh6 55. Nh4 Bg4 56. Be8 Kc5 57. Ke4 Kb4 58. Nf5 Bf8 59. Ne3 Be6
60. Nd5+ Kc5 61. Nf6 Kd6 62. Bb5 Ke7 63. Nd5+ Bxd5+ 64. Kxd5 Kf6 65. Be8 Bc5
66. Kc6 Kg5 67. Kb5 Be3 68. Bg6 Bg1 69. Be8 Bf2 70. Bg6 Bg1 71. Be8 Bf2 72. Bg6
Bg1 73. Be8 1/2-1/2

[Event "FBL 1"]
[Site "Deutschland"]
[Date "2009.12.05"]
[Round "3.6"]
[White "Vidonyak, Nellya"]
[Black "Bielicki, Birke"]
[Result "0-1"]
[WhiteElo "2175"]
[BlackElo "2192"]
[PlyCount "104"]
[EventDate "2009.11.07"]
[EventType "team"]
[EventCountry "GER"]
[WhiteTeam "Karlsruher SF 1853"]
[BlackTeam "SC Leipzig-Gohlis"]

1. d4 Nf6 2. Nf3 g6 3. Nbd2 Bg7 4. e4 d6 5. Be2 O-O 6. O-O Nc6 7. c3 e5 8. dxe5
Nxe5 9. Nxe5 dxe5 10. Qc2 Be6 11. Bc4 Qe7 12. b3 Rfd8 13. Bxe6 Qxe6 14. Nc4 Rd7
15. f3 Nh5 16. Be3 Nf4 17. Rad1 Rad8 18. Rxd7 Qxd7 19. Nb2 Qb5 20. g3 Ne6 21.
Rd1 Rxd1+ 22. Nxd1 Qa5 23. Nf2 h5 24. Qd2 Qb5 25. c4 Qc6 26. Qa5 a6 27. Nd3 b5
28. cxb5 axb5 29. Qd2 Qd6 30. a4 Nd4 31. Qd1 bxa4 32. bxa4 Nxf3+ 33. Kh1 Nd4
34. Nf2 Qa3 35. Bc1 Qa2 36. Be3 c5 37. Nd3 c4 38. Nb4 Qa3 39. Nd5 c3 40. Bc1
Qa1 41. a5 Bh6 42. a6 c2 43. Qf1 Nc6 44. Kg2 Qxc1 45. Ne7+ Nxe7 46. Qxc1 Bxc1
47. a7 Bg5 48. a8=Q+ Kg7 49. h4 c1=Q 50. hxg5 Qxg5 51. Kh2 Ng8 52. Kh1 Nf6 0-1

[Event "FBL 1"]
[Site "Deutschland"]
[Date "2009.12.05"]
[Round "3.1"]
[White "Paulet, Iozefina"]
[Black "Cmilyte, Viktorija"]
[Result "0-1"]
[WhiteElo "2320"]
[BlackElo "2476"]
[PlyCount "88"]
[EventDate "2009.11.07"]
[EventType "team"]
[EventCountry "GER"]
[WhiteTeam "SK Großlehna"]
[BlackTeam "OSG - SG Baden-Baden 1922"]

1. e4 e5 2. Nf3 Nc6 3. Bb5 f5 4. d3 fxe4 5. dxe4 Nf6 6. O-O Bc5 7. Bxc6 bxc6 8.
Nxe5 O-O 9. Bg5 Qe8 10. Bxf6 Rxf6 11. Nd3 Bd4 12. c3 Bb6 13. Nd2 d6 14. b3 Ba6
15. c4 Qe7 16. Kh1 Raf8 17. Qe2 Rh6 18. g3 Bd4 19. Rad1 Bc8 20. f3 Qg5 21. g4
Be3 22. Nb1 Rh3 23. Qg2 Qh4 24. Rde1 Bd4 25. Na3 Rf6 26. Nc2 Rh6 27. Re2 Bb6
28. c5 dxc5 29. Rd1 Rxh2+ 30. Qxh2 Qg3 31. Rf1 Ba6 32. Nce1 Rxh2+ 33. Rxh2 Qd6
34. Rd2 Qh6+ 35. Rh2 Qe3 36. Rff2 Bxd3 37. Nxd3 Qxd3 38. Rhg2 c4 39. Re2 Qxf3
40. Kh2 Qf4+ 41. Kh3 cxb3 42. axb3 Bd4 43. b4 Be5 44. g5 Qf3+ 0-1

[Event "FBL 1"]
[Site "Deutschland"]
[Date "2009.12.05"]
[Round "3.2"]
[White "Arakhamia Grant, Ketevan"]
[Black "Kulovana, Eva"]
[Result "1-0"]
[WhiteElo "2488"]
[BlackElo "2287"]
[PlyCount "51"]
[EventDate "2009.11.07"]
[EventType "team"]
[EventCountry "GER"]
[WhiteTeam "OSG - SG Baden-Baden 1922"]
[BlackTeam "SK Großlehna"]

1. e4 e5 2. Bc4 Nf6 3. d3 c6 4. Nf3 d5 5. Bb3 Bd6 6. O-O O-O 7. Re1 dxe4 8.
dxe4 Bg4 9. Nbd2 Nbd7 10. h3 Bh5 11. Nc4 Bc7 12. Bg5 Qe7 13. Ne3 Bg6 14. Nh4
Bxe4 15. Nef5 Bxf5 16. Nxf5 Qc5 17. Bxf6 Nxf6 18. Qd2 Ne8 19. Qg5 Kh8 20. Rad1
f6 21. Qh5 Bb6 22. Re3 g6 23. Qh6 Rd8 24. Rxd8 Bxd8 25. Rc3 Qb4 26. a3 1-0

[Event "FBL 1"]
[Site "Deutschland"]
[Date "2009.12.05"]
[Round "3.3"]
[White "Voicu, Carmen"]
[Black "Zatonskih, Anna"]
[Result "1/2-1/2"]
[WhiteElo "2285"]
[BlackElo "2466"]
[PlyCount "58"]
[EventDate "2009.11.07"]
[EventType "team"]
[EventCountry "GER"]
[WhiteTeam "SK Großlehna"]
[BlackTeam "OSG - SG Baden-Baden 1922"]

1. e4 e5 2. Nf3 Nf6 3. Nxe5 d6 4. Nf3 Nxe4 5. Nc3 Nxc3 6. dxc3 Be7 7. Bf4 Nc6
8. Qd2 Be6 9. O-O-O Qd7 10. Kb1 a6 11. Nd4 Nxd4 12. cxd4 d5 13. Bd3 O-O-O 14.
Rhe1 Bd6 15. h3 h6 16. Bxd6 Qxd6 17. Re5 Rhe8 18. Rde1 Bd7 19. a3 f6 20. Rxe8
Rxe8 21. Rxe8+ Bxe8 22. Qe3 Bd7 23. f4 Qe6 24. Qxe6 Bxe6 25. Kc1 a5 26. Kd2 Kd7
27. Ke3 Kd6 28. f5 Bd7 29. g4 b6 1/2-1/2

[Event "FBL 1"]
[Site "Deutschland"]
[Date "2009.12.05"]
[Round "3.4"]
[White "Moser, Eva"]
[Black "Pertlova, Sona"]
[Result "1-0"]
[WhiteElo "2431"]
[BlackElo "2232"]
[PlyCount "71"]
[EventDate "2009.11.07"]
[EventType "team"]
[EventCountry "GER"]
[WhiteTeam "OSG - SG Baden-Baden 1922"]
[BlackTeam "SK Großlehna"]

1. g3 c5 2. Bg2 Nc6 3. e4 e6 4. d3 g6 5. f4 Bg7 6. Nf3 Nge7 7. O-O O-O 8. c3 d5
9. e5 d4 10. c4 h5 11. Nbd2 Nf5 12. Ne4 b6 13. h3 Rb8 14. Nfg5 Bb7 15. g4 hxg4
16. hxg4 Ne3 17. Qf3 Re8 18. Qh3 Qe7 19. Bxe3 dxe3 20. Nh7 Nxe5 21. fxe5 Bxe4
22. Nf6+ Kf8 23. Bxe4 Red8 24. Qh7 Qc7 25. Qg8+ Ke7 26. Qxg7 Qxe5 27. Ng8+ Kd6
28. Qxe5+ Kxe5 29. Nf6 Kd4 30. Rae1 Rh8 31. Rf3 b5 32. cxb5 Rxb5 33. b3 Ra5 34.
Re2 Ra6 35. Rfxe3 e5 36. Rf3 1-0

[Event "FBL 1"]
[Site "Deutschland"]
[Date "2009.12.05"]
[Round "3.5"]
[White "Nagel, Verena"]
[Black "Tammert, Iamze"]
[Result "0-1"]
[WhiteElo "2043"]
[BlackElo "2277"]
[PlyCount "108"]
[EventDate "2009.11.07"]
[EventType "team"]
[EventCountry "GER"]
[WhiteTeam "SK Großlehna"]
[BlackTeam "OSG - SG Baden-Baden 1922"]

1. d4 g6 2. Nf3 Bg7 3. c4 c5 4. e3 Nf6 5. Nc3 O-O 6. Be2 d6 7. O-O Na6 8. b3
Bf5 9. Bb2 Ne4 10. Nxe4 Bxe4 11. Qd2 e5 12. Rad1 Re8 13. Rfe1 Qe7 14. h3 Nb4
15. dxe5 dxe5 16. a3 Rad8 17. Qc3 Na2 18. Qa5 b6 19. Qa4 Bxf3 20. Bxf3 e4 21.
Bxg7 Kxg7 22. Rxd8 Rxd8 23. Be2 Nc3 24. Qc6 Nxe2+ 25. Rxe2 Rd1+ 26. Kh2 Qe5+
27. g3 Qf5 28. f4 exf3 29. Rf2 Rd3 30. Rxf3 Qe6 31. Qc7 Rxe3 32. Rxe3 Qxe3 33.
Qd6 g5 34. b4 cxb4 35. axb4 Qe2+ 36. Kg1 Qxc4 37. Qe5+ Kg6 38. g4 Qc1+ 39. Kg2
Qd2+ 40. Kg1 Qf4 41. Qc3 Qe4 42. Kf2 h5 43. gxh5+ Kxh5 44. Qh8+ Kg6 45. Qg8+
Kf6 46. Qd8+ Kf5 47. Qd7+ Kg6 48. Qxa7 Qxb4 49. Qa8 Qd4+ 50. Kg3 f6 51. Qe8+
Kf5 52. Qc8+ Ke4 53. Kg4 b5 54. Qc6+ Kd3+ 0-1

[Event "FBL 1"]
[Site "Deutschland"]
[Date "2009.12.05"]
[Round "3.6"]
[White "Bochis, Julia"]
[Black "Skogvall, Martina"]
[Result "1-0"]
[WhiteElo "2077"]
[BlackElo "2100"]
[PlyCount "63"]
[EventDate "2009.11.07"]
[EventType "team"]
[EventCountry "GER"]
[WhiteTeam "OSG - SG Baden-Baden 1922"]
[BlackTeam "SK Großlehna"]

1. e4 c5 2. Nf3 Nc6 3. Bb5 g6 4. O-O Bg7 5. c3 Nf6 6. Re1 d6 7. h3 Nd7 8. Na3
O-O 9. d4 a6 10. Bxc6 bxc6 11. Be3 cxd4 12. cxd4 Rb8 13. Qc2 c5 14. Rad1 Qc7
15. b3 Bb7 16. Bg5 Rfe8 17. b4 Rbc8 18. bxc5 dxc5 19. d5 Ne5 20. Nxe5 Qxe5 21.
Be3 f5 22. f3 f4 23. Bf2 a5 24. Nc4 Qc3 25. Rc1 Qf6 26. Nxa5 Ba6 27. Nc6 e6 28.
Qxc5 Bf8 29. d6 e5 30. Qd5+ Re6 31. d7 Rcxc6 32. Rxc6 1-0

[Event "FBL 1"]
[Site "Deutschland"]
[Date "2009.12.05"]
[Round "3.1"]
[White "Vasilevich, Tatjana"]
[Black "Kononenko, Tatiana"]
[Result "1/2-1/2"]
[WhiteElo "2424"]
[BlackElo "2377"]
[PlyCount "28"]
[EventDate "2009.11.07"]
[EventType "team"]
[EventCountry "GER"]
[WhiteTeam "Rodewischer Schachmiezen"]
[BlackTeam "USV Halle"]

1. b3 d5 2. Nf3 c5 3. c4 d4 4. e3 g6 5. exd4 cxd4 6. g3 Bg7 7. d3 Nc6 8. Bg2
Nf6 9. O-O O-O 10. Re1 Nd7 11. a3 a5 12. Nbd2 Nc5 13. Ne4 Nxe4 14. Rxe4 Bf5
1/2-1/2

[Event "FBL 1"]
[Site "Deutschland"]
[Date "2009.12.05"]
[Round "3.2"]
[White "Madl, Ildiko"]
[Black "Pokorna, Regina"]
[Result "1/2-1/2"]
[WhiteElo "2390"]
[BlackElo "2382"]
[PlyCount "80"]
[EventDate "2009.11.07"]
[EventType "team"]
[EventCountry "GER"]
[WhiteTeam "USV Halle"]
[BlackTeam "Rodewischer Schachmiezen"]

1. e4 e5 2. Nf3 Nc6 3. Bb5 a6 4. Ba4 Nf6 5. O-O Be7 6. Re1 b5 7. Bb3 d6 8. c3
O-O 9. h3 Na5 10. Bc2 d5 11. d4 dxe4 12. Nxe5 c5 13. Be3 Bb7 14. Nd2 Qc7 15.
Qb1 cxd4 16. Bxd4 Bd6 17. Ng4 Nxg4 18. hxg4 Bh2+ 19. Kh1 Bf4 20. Nxe4 Qc6 21.
Kg1 Nc4 22. Qd1 Nd2 23. f3 Qh6 24. Nxd2 Bxd2 25. Re7 Rae8 26. Qe2 Bc6 27. Rxe8
Rxe8 28. Qf2 Bc1 29. b3 a5 30. Bd3 g6 31. Rb1 Be3 32. Bxe3 Rxe3 33. Rd1 Qf4 34.
c4 b4 35. Bf1 Qe5 36. Qd2 Rc3 37. Qd4 Qxd4+ 38. Rxd4 Rc2 39. Rd6 Be8 40. c5
Rxc5 1/2-1/2

[Event "FBL 1"]
[Site "Deutschland"]
[Date "2009.12.05"]
[Round "3.4"]
[White "Belic, Jordanka"]
[Black "Winkelmann, Elena"]
[Result "1-0"]
[WhiteElo "2313"]
[BlackElo "2119"]
[PlyCount "107"]
[EventDate "2009.11.07"]
[EventType "team"]
[EventCountry "GER"]
[WhiteTeam "USV Halle"]
[BlackTeam "Rodewischer Schachmiezen"]

1. e4 c5 2. Nf3 e6 3. d4 cxd4 4. Nxd4 Nf6 5. Nc3 Qb6 6. Nb3 Bb4 7. Bd3 d6 8.
Bd2 Bxc3 9. Bxc3 e5 10. O-O Be6 11. Kh1 O-O 12. f4 Nc6 13. Qf3 Nd7 14. f5 Bxb3
15. axb3 Nb4 16. Bxb4 Qxb4 17. Bc4 Nf6 18. Rad1 b5 19. c3 Qa5 20. Bd5 Rad8 21.
b4 Qb6 22. g4 Nxd5 23. Rxd5 f6 24. Qd3 a6 25. Kg2 Rf7 26. Rd1 Rfd7 27. Rd2 Kh8
28. Qg3 Qc6 29. b3 Rc8 30. R2d3 Qb6 31. g5 Qd8 32. h4 Qe7 33. Qe3 Rc6 34. Qd2
Kg8 35. Rg3 Qd8 36. g6 h6 37. Rgd3 Qc7 38. Kf3 Kf8 39. c4 bxc4 40. bxc4 Rxc4
41. Rxd6 Rxd6 42. Rxd6 Rc2 43. Rd7 Qc6 44. Qd6+ Qxd6 45. Rxd6 Rc3+ 46. Kg4 Rc4
47. Rd8+ Ke7 48. Rg8 Rxe4+ 49. Kh5 Rf4 50. Rxg7+ Kd6 51. Ra7 Rxf5+ 52. Kxh6 Rf4
53. h5 Rxb4 54. g7 1-0

[Event "FBL 1"]
[Site "Deutschland"]
[Date "2009.12.05"]
[Round "3.5"]
[White "Kubikova, Alena"]
[Black "Sharevich, Anna"]
[Result "1/2-1/2"]
[WhiteElo "2123"]
[BlackElo "2252"]
[PlyCount "143"]
[EventDate "2009.11.07"]
[EventType "team"]
[EventCountry "GER"]
[WhiteTeam "Rodewischer Schachmiezen"]
[BlackTeam "USV Halle"]

1. e4 c5 2. Nf3 e6 3. d4 cxd4 4. Nxd4 a6 5. Be3 Nf6 6. Bd3 Nc6 7. Nxc6 dxc6 8.
f4 e5 9. O-O Ng4 10. Qf3 Qh4 11. h3 Nxe3 12. Qxe3 exf4 13. Qxf4 Bc5+ 14. Kh1
Qxf4 15. Rxf4 Be3 16. Rf1 Be6 17. Na3 b5 18. c4 Bd4 19. Rab1 O-O 20. b3 Rfd8
21. Rfd1 Bc5 22. Nc2 bxc4 23. Bxc4 Bxc4 24. bxc4 Rxd1+ 25. Rxd1 Re8 26. Rd7
Rxe4 27. Rd8+ Bf8 28. Nd4 c5 29. Nc6 g6 30. Nb8 Kg7 31. Nxa6 Rxc4 32. Nc7 Rc1+
33. Kh2 Ra1 34. Ne8+ Kh6 35. Nf6 Bg7 36. Ng4+ Kg5 37. Rd5+ f5 38. Rxc5 Rxa2 39.
Ne5 Bf8 40. Rd5 Ra6 41. Rd4 Bg7 42. Nf3+ Kf6 43. Rd7 h6 44. h4 Bf8 45. Rd3 Bd6+
46. g3 g5 47. hxg5+ hxg5 48. Nd2 Be5 49. Nc4 Bc7 50. Rd7 Rc6 51. Ne3 Bxg3+ 52.
Kxg3 f4+ 53. Kf2 fxe3+ 54. Kxe3 Kf5 55. Rd3 Kg4 56. Kf2 Rc2+ 57. Kg1 Kh4 58.
Re3 Ra2 59. Rd3 Ra4 60. Kg2 Ra2+ 61. Kg1 Kg4 62. Rc3 Re2 63. Rb3 Kf4 64. Rc3
Re4 65. Kg2 g4 66. Rb3 Rc4 67. Ra3 Rc2+ 68. Kg1 Re2 69. Rb3 g3 70. Rb8 Rc2 71.
Rf8+ Kg4 72. Rg8+ 1/2-1/2

[Event "FBL 1"]
[Site "Deutschland"]
[Date "2009.12.05"]
[Round "3.6"]
[White "Eckhardt, Claudia"]
[Black "Schulz, Anja"]
[Result "1-0"]
[WhiteElo "2173"]
[BlackElo "1996"]
[PlyCount "81"]
[EventDate "2009.11.07"]
[EventType "team"]
[EventCountry "GER"]
[WhiteTeam "USV Halle"]
[BlackTeam "Rodewischer Schachmiezen"]

1. d4 Nf6 2. Nf3 g6 3. g3 Bg7 4. Bg2 O-O 5. O-O d6 6. c4 Nc6 7. d5 Na5 8. Nfd2
c5 9. Nc3 a6 10. Qc2 Rb8 11. a3 b5 12. cxb5 axb5 13. b4 cxb4 14. axb4 Nc4 15.
Nxc4 bxc4 16. Rb1 Bf5 17. e4 Bg4 18. h3 Bd7 19. Kh2 Qc8 20. Be3 Ne8 21. Rfc1 f5
22. f4 Nc7 23. Nd1 Nb5 24. Qe2 Na3 25. Ra1 Ra8 26. Ra2 c3 27. e5 Bb5 28. Qe1 c2
29. Nc3 Bc4 30. Rb2 Bd3 31. Ra2 Qc4 32. Rca1 Qxb4 33. Bc1 Rfc8 34. Rxa3 Rxa3
35. Rxa3 dxe5 36. fxe5 Bh6 37. d6 Bxc1 38. Qxc1 exd6 39. Bd5+ Kh8 40. Qg5 Rf8
41. Ra8 1-0

[Event "FBL 1"]
[Site "Deutschland"]
[Date "2009.12.05"]
[Round "3.1"]
[White "Paehtz, Elisabeth"]
[Black "Jakubiec, Edyta"]
[Result "1-0"]
[WhiteElo "2482"]
[BlackElo "2185"]
[PlyCount "73"]
[EventDate "2009.11.07"]
[EventType "team"]
[EventCountry "GER"]
[WhiteTeam "SC Bad Königshofen 1957"]
[BlackTeam "SAV Torgelow"]

1. e4 c5 2. Nc3 Nc6 3. Bb5 g6 4. Bxc6 bxc6 5. d3 Bg7 6. f4 d6 7. Nf3 Nf6 8. O-O
O-O 9. Qe1 Rb8 10. Kh1 Bg4 11. Nd2 Bd7 12. Qh4 Ng4 13. Nc4 Be6 14. h3 Bxc4 15.
hxg4 Ba6 16. f5 f6 17. b3 e5 18. g5 fxg5 19. Bxg5 Bf6 20. Bxf6 Qxf6 21. Qxf6
Rxf6 22. g4 Rbf8 23. Kg2 Bc8 24. Rh1 R6f7 25. Rh6 Rg7 26. Kh1 Bd7 27. Rf1 Be8
28. f6 Rgf7 29. g5 Rb7 30. Kg2 Bf7 31. Nb1 Be6 32. Nd2 Bf7 33. Rfh1 Be8 34. Nc4
Rd7 35. Nxd6 Rxd6 36. Rxh7 Rd7 37. f7+ 1-0

[Event "FBL 1"]
[Site "Deutschland"]
[Date "2009.12.05"]
[Round "3.3"]
[White "Nemcova, Katrin"]
[Black "Pfau, Beate"]
[Result "1-0"]
[WhiteElo "2258"]
[BlackElo "2131"]
[PlyCount "93"]
[EventDate "2009.11.07"]
[EventType "team"]
[EventCountry "GER"]
[WhiteTeam "SC Bad Königshofen 1957"]
[BlackTeam "SAV Torgelow"]

1. e4 g6 2. d4 Bg7 3. Be3 Nf6 4. Nc3 d6 5. f3 Nc6 6. Nge2 Bd7 7. Qd2 e6 8.
O-O-O h6 9. g4 b5 10. Nxb5 Qb8 11. Na3 Qb7 12. h4 Nb4 13. Kb1 Rb8 14. Qc1 Ke7
15. Ng3 Ba4 16. Rd2 Nd7 17. c3 Na6 18. b3 c5 19. Rb2 Bc6 20. Qd2 cxd4 21. cxd4
Nb4 22. Be2 Nf6 23. Rc1 a5 24. Nc4 Ra8 25. a3 Bxe4+ 26. fxe4 Nxe4 27. Nxe4
Qxe4+ 28. Ka1 Nd5 29. Bf2 Qg2 30. Bg1 Qh3 31. Bf2 Qg2 32. Bd1 Rhc8 33. Ka2 Qe4
34. Qe2 Nb4+ 35. Ka1 Qxe2 36. Bxe2 d5 37. axb4 axb4+ 38. Ra2 dxc4 39. Rxc4 Rxc4
40. bxc4 Rd8 41. Rd2 e5 42. d5 f5 43. Ka2 Kd7 44. c5 Rb8 45. Kb3 Bf6 46. Ra2 e4
47. Bg3 1-0

[Event "FBL 1"]
[Site "Deutschland"]
[Date "2009.12.05"]
[Round "3.4"]
[White "Timme, Karin"]
[Black "Schoene, Maria"]
[Result "1-0"]
[WhiteElo "2093"]
[BlackElo "2265"]
[PlyCount "85"]
[EventDate "2009.11.07"]
[EventType "team"]
[EventCountry "GER"]
[WhiteTeam "SAV Torgelow"]
[BlackTeam "SC Bad Königshofen 1957"]

1. d4 Nf6 2. c4 g6 3. Nc3 Bg7 4. e4 d6 5. Nf3 O-O 6. h3 c6 7. Bd3 Nbd7 8. O-O
e5 9. d5 a5 10. Be3 Re8 11. a3 Nc5 12. Qc2 Bd7 13. b4 axb4 14. axb4 Na6 15.
Rab1 Bc8 16. Rfd1 c5 17. bxc5 Nxc5 18. Bxc5 dxc5 19. Ra1 Ra6 20. Rxa6 bxa6 21.
Qa4 Re7 22. Rb1 Ne8 23. Rb8 Rb7 24. Rxb7 Bxb7 25. Qb3 Qc7 26. Na4 Bf8 27. Qb6
Qxb6 28. Nxb6 f6 29. Nd2 Kf7 30. Nb3 Nc7 31. Nd7 Be7 32. Ndxc5 Bc8 33. Na4 Na8
34. c5 Bd8 35. Bc4 Ke8 36. d6 Bd7 37. Nc3 a5 38. Bd5 a4 39. Nc1 Ba5 40. N1a2 a3
41. Bxa8 Bxc3 42. Nxc3 Bb5 43. Bd5 1-0

[Event "FBL 1"]
[Site "Deutschland"]
[Date "2009.12.05"]
[Round "3.5"]
[White "Blazkova, Petra"]
[Black "Higgelke, Anne"]
[Result "1-0"]
[WhiteElo "2178"]
[BlackElo "2017"]
[PlyCount "55"]
[EventDate "2009.11.07"]
[EventType "team"]
[EventCountry "GER"]
[WhiteTeam "SC Bad Königshofen 1957"]
[BlackTeam "SAV Torgelow"]

1. e4 c5 2. Nc3 Nc6 3. Bb5 d6 4. f4 Bd7 5. Nf3 e6 6. O-O Be7 7. Kh1 Nf6 8. e5
Nd5 9. Nxd5 exd5 10. exd6 Bxd6 11. Bxc6 Bxc6 12. Re1+ Kf8 13. d4 Qf6 14. dxc5
Bxf4 15. Bxf4 Qxf4 16. Nd4 Re8 17. Rxe8+ Kxe8 18. b4 Kd8 19. b5 Bd7 20. c6 bxc6
21. Nxc6+ Bxc6 22. bxc6 Qc4 23. Rb1 Kc7 24. Qe1 Kxc6 25. Rb3 Kd6 26. Rc3 Qe4
27. Qg3+ Qe5 28. Rc6+ 1-0

[Event "FBL 1"]
[Site "Deutschland"]
[Date "2009.12.05"]
[Round "3.6"]
[White "Stemmler, Lysan"]
[Black "Gromova, Iulia"]
[Result "0-1"]
[WhiteElo "1835"]
[BlackElo "2238"]
[PlyCount "56"]
[EventDate "2009.11.07"]
[EventType "team"]
[EventCountry "GER"]
[WhiteTeam "SAV Torgelow"]
[BlackTeam "SC Bad Königshofen 1957"]

1. e4 c6 2. d4 d5 3. exd5 cxd5 4. c4 Nf6 5. Nc3 e6 6. Nf3 Bb4 7. Bg5 h6 8. Bxf6
Qxf6 9. a3 Bxc3+ 10. bxc3 dxc4 11. Bxc4 O-O 12. O-O b6 13. Ne5 Bb7 14. Be2 Rd8
15. f4 Nc6 16. Bh5 g6 17. Bf3 Na5 18. Bxb7 Nxb7 19. Ng4 Qg7 20. Qe1 Rac8 21.
Rf3 Nd6 22. Qh4 Nf5 23. Qh3 Nxd4 24. Nxh6+ Kf8 25. Rd3 Ne2+ 26. Kh1 Nxf4 27.
Rxd8+ Rxd8 28. Qh4 g5 0-1

[Event "FBL 1"]
[Site "Deutschland"]
[Date "2009.12.05"]
[Round "3.1"]
[White "Hoolt, Sarah"]
[Black "Mueller Ludwig, Kristin"]
[Result "1/2-1/2"]
[WhiteElo "2235"]
[BlackElo "2151"]
[PlyCount "80"]
[EventDate "2009.11.07"]
[EventType "team"]
[EventCountry "GER"]
[WhiteTeam "SK Lehrte"]
[BlackTeam "SV Medizin Erfurt"]

1. e4 e6 2. d4 d5 3. Nc3 Bb4 4. e5 Ne7 5. a3 Bxc3+ 6. bxc3 c5 7. Qg4 Qc7 8.
Qxg7 Rg8 9. Qxh7 cxd4 10. Ne2 Nbc6 11. f4 dxc3 12. Qd3 Bd7 13. Nxc3 a6 14. Ne2
Nf5 15. h3 Na5 16. g4 Bb5 17. Qc3 Qxc3+ 18. Nxc3 Bxf1 19. Rxf1 Nd4 20. Ra2 Rc8
21. Ne2 Rxc2 22. Rxc2 Nxc2+ 23. Kd1 Na1 24. Bd2 N1b3 25. Bb4 Nc6 26. Kc2 Nba5
27. Be1 Nc4 28. Rf3 Kf8 29. Bf2 Kg7 30. Rd3 Rc8 31. Kb1 b5 32. Nd4 a5 33. Nxb5
Rb8 34. a4 Nb4 35. Rd1 Na3+ 36. Nxa3 Nd3+ 37. Nb5 Nxf2 38. Rd2 Nxh3 39. f5 Ng5
40. Rc2 Rh8 1/2-1/2

[Event "FBL 1"]
[Site "Deutschland"]
[Date "2009.12.05"]
[Round "3.2"]
[White "Troyke, Doreen"]
[Black "Markgraf, Claudia"]
[Result "1/2-1/2"]
[WhiteElo "2105"]
[BlackElo "2040"]
[PlyCount "72"]
[EventDate "2009.11.07"]
[EventType "team"]
[EventCountry "GER"]
[WhiteTeam "SV Medizin Erfurt"]
[BlackTeam "SK Lehrte"]

1. c4 g6 2. g3 Bg7 3. Bg2 Nf6 4. Nc3 O-O 5. Nf3 c6 6. O-O d5 7. cxd5 cxd5 8. d3
Nc6 9. Bg5 d4 10. Na4 Qa5 11. Rc1 Bg4 12. Bd2 Qa6 13. a3 Rac8 14. Nc5 Qb6 15.
Na4 Qd8 16. h3 Bxf3 17. Bxf3 Qd7 18. Bg2 b6 19. b4 Kh8 20. Qb3 e6 21. Rc2 Ne7
22. Rfc1 Nfd5 23. Rxc8 Rxc8 24. Rxc8+ Qxc8 25. Qc4 Qd7 26. b5 h5 27. h4 Qd6 28.
Bxd5 Nxd5 29. Qb3 Qe5 30. Kf1 f5 31. Qc4 Kh7 32. Qc6 Qf6 33. Bg5 Qe5 34. Bd2
Qf6 35. Bg5 Qe5 36. Bd2 Qf6 1/2-1/2

[Event "FBL 1"]
[Site "Deutschland"]
[Date "2009.12.05"]
[Round "3.3"]
[White "Zschischang, Marine"]
[Black "Anisheva, Varvara"]
[Result "1-0"]
[WhiteElo "2089"]
[BlackElo "2155"]
[PlyCount "81"]
[EventDate "2009.11.07"]
[EventType "team"]
[EventCountry "GER"]
[WhiteTeam "SK Lehrte"]
[BlackTeam "SV Medizin Erfurt"]

1. c4 Nf6 2. Nc3 g6 3. e4 d6 4. h3 Bg7 5. g3 e5 6. Bg2 O-O 7. Nge2 c6 8. O-O
Ne8 9. d3 Na6 10. f4 exf4 11. gxf4 f5 12. Be3 Kh8 13. Kh2 Qe7 14. Bd4 Nac7 15.
Qd2 Ne6 16. Bxg7+ N6xg7 17. Rae1 Qh4 18. e5 dxe5 19. fxe5 g5 20. d4 f4 21. Ng1
Nf5 22. Ne4 Ng3 23. Nxg3 fxg3+ 24. Kh1 Rf2 25. Re2 Rxe2 26. Qxe2 Qh6 27. Qf3
Be6 28. d5 cxd5 29. cxd5 g4 30. Qxg3 gxh3 31. Nxh3 Bxh3 32. Qxh3 Qg7 33. Qe6
Nc7 34. Qf6 Rb8 35. d6 Qxf6 36. Rxf6 Nb5 37. Rf7 b6 38. Bc6 Nd4 39. Bd5 Rd8 40.
Rxa7 Nb5 41. Ra8 1-0